General Knowledge #3 - Statistics

General Stats
  • This quiz has been taken 20 times
  • The average score is 8 of 10
Answer Stats
Hint Answer % Correct
Who was the first person to walk on the Moon? Neil Armstrong
95%
What is the capital of Norway? Oslo
95%
Who was the first female Prime Minister of the United Kingdom? Margaret Thatcher
90%
Which metal is liquid at room temperature? Mercury
90%
Which scientist proposed the three laws of motion? Isaac Newton
85%
Which language has the most native speakers worldwide? Mandarin
85%
What is the name of the process by which plants make their food using sunlight? Photosynthesis
80%
Which organ in the human body produces insulin? The pancreas
75%
Which famous scientist discovered penicillin? Alexander Fleming
70%
What is the chemical formula for table salt? NaCl
50%
No matching quizzes found
Score Distribution
Percent of People with Each Score
Percentile by Number Answered
Your Score History
You have not taken this quiz